000
00321nam a2200157Ia 4500
100
_a
Samsung
650
_a
Automobiles
942
_c
BK
654
_a
data
245
_a
Linear IC data book : data
260
_b
Samsung
_a
Korea
_c
1990
082
_a
621.38173
_b
SAM
300
_a
254
546
_a
ENGLISH
999
_c
31310
_d
31310